| 000 | 00750nam a22002417a 4500 | ||
|---|---|---|---|
| 003 | PILC | ||
| 005 | 20160128152652.0 | ||
| 008 | 131214b xxu||||| |||| 00| 0 eng d | ||
| 020 | _a9780415526692 | ||
| 050 |
_aAS 6 _b.R64 2013 |
||
| 100 | _aRogers, Tony. | ||
| 245 |
_aConference and conventions : _ba global industry / _cTony Rogers. |
||
| 250 | _a3rd edition. | ||
| 260 |
_aLondon : _bRoutledge, _c2013. |
||
| 300 |
_axvi, 422 pages : _bcolor illustrations ; _c25 cm. |
||
| 440 | _aEvents Management Series. | ||
| 500 | _aIncludes Bibliographic references and index. | ||
| 650 |
_aCongresses and conventions _xEconomic aspects. |
||
| 650 | _aConvention facilities. | ||
| 650 | _aREFERENCE. | ||
| 942 |
_2lcc _cBK _kFOR |
||
| 999 |
_c25770 _d25770 |
||